Risk management - vývojové dimenze

Vývoj oblasti riadenia rizík. Charakteristika pojmu risk management. Jednotlivé oblasti/rozmery procesu riadenia rizík: zameranie pozornosti, aplikačný kontext, prijaté ciele risk managementu, spôsob a úroveň aplikovaného procesu RM a jeho zainteresovaní účastníci, zdroje použité pre RM.

Saved in:
Bibliographic Details
Main Author: Pulchart, Vladimír
Format: Book Chapter
Language:Czech
Subjects:
Tags: Add Tag
No Tags, Be the first to tag this record!

MARC

LEADER 00000naa$a2200000$$$4500
001 0056939
005 20230927103133.0
041 0 |a cze 
044 |a CZ 
245 1 0 |a Risk management - vývojové dimenze  |c Vladimír Pulchart 
520 |a Vývoj oblasti riadenia rizík. Charakteristika pojmu risk management. Jednotlivé oblasti/rozmery procesu riadenia rizík: zameranie pozornosti, aplikačný kontext, prijaté ciele risk managementu, spôsob a úroveň aplikovaného procesu RM a jeho zainteresovaní účastníci, zdroje použité pre RM. 
610 2 0 |a risk management 
610 2 0 |a forma 
610 2 0 |a riziko finančné 
610 2 0 |a rozhodovanie 
610 2 0 |a zdroje finančné 
610 2 0 |a zdroje síl pracovných 
100 1 |a Pulchart, Vladimír